000 00960nam a22003730a 4500
001 PT32623
003 AR-LpoUNG
005 20210131230021.0
008 191001s1956||||ag |||||||||||||||||spa d
040 _aAR-LpoUNG
_bspa
_cAR-LpoUNG
_eaacr
041 _aspa
044 _aag
082 0 _a982.062 577arg
100 1 _aWhitaker, Arthur Preston
245 1 3 _aLa Argentina y los Estados Unidos
250 _a1ยช ed.
260 _a[Buenos Aires] :
_bProceso,
_c1956.
300 _a290 p. :
_bil.
650 4 _aANALISIS HISTORICO
650 4 _aARGENTINA
650 4 _aASPECTOS ECONOMICOS
650 4 _aASPECTOS POLITICOS
650 4 _aCULTURA
650 4 _aDESARROLLO ECONOMICO Y SOCIAL
650 4 _aESTADOS UNIDOS
650 4 _aHISTORIA
650 4 _aRELACIONES CULTURALES
650 4 _aRELACIONES ECONOMICAS INTERNACIONALES
650 4 _aSOCIEDAD
651 4 _aArgentina
653 _aPERONISMO
905 _a32623
942 _cLIB
999 _c880
_d880